000 00290nam a22001337a 4500
008 170331b xxu||||| |||| 00| 0 eng d
020 _a9780023102417
041 _aeng
080 _a616-053.2
100 _a8
101 _ashm
245 _aTHE YOUNG CHILD
_cBLACK, J.K
942 _2udc
_cBK
999 _c9194
_d9194